Países con menos de un millón de habitantes - ¡Muerte Subita! - Estadísticas

Estadísticas generales
  • Esta prueba ha sido intentada 13.507 veces
  • La puntuación promedio es 9 de 16
Answers on the Grid
Answers color-coded by a green-red scale on the quiz's grid according to % correct below.
Andorra
Armenia
Barbados
Belice
Bután
Brunéi
Costa Rica
Croacia
Gabón
Islandia
Jamaica
Kiribati
Laos
Libia
Liechtenstein
Lituania
Luxemburgo
Namibia
Nauru
Nepal
Corea del Norte
Santa Lucía
Samoa
Seychelles
Singapur
España
Surinam
Tuvalu
Uruguay
Ciudad del Vaticano
 
Estadísticas de respuestas
Respuesta % Correcto
1,000 Ciudad del Vaticano
69%
82,000 Andorra
68%
40,000 Liechtenstein
65%
12,000 Nauru
65%
180,000 Santa Lucía
64%
10,000 Tuvalu
64%
132,000 Seychelles
61%
136,000 Kiribati
60%
219,000 Samoa
59%
283,000 Barbados
57%
676,000 Luxemburgo
57%
465,000 Brunéi
47%
396,000 Islandia
47%
420,000 Belice
45%
793,000 Bután
36%
636,000 Surinam
34%
No se encontraron pruebas coincidentes
Distribución de puntuación
Porcentaje de gente con cada puntuación
Porcentaje por número respondido
Historial de tus puntuaciones
No has intentado esta prueba.